Southville International School and Colleges
Your cart is empty.
  • Cart
  • Lists
    Public lists Eva Luna New books Lux_list list_1
    Your lists Log in to create your own lists
  • Log in to your account
  • Your cookies
  • Search history
Southville International School and Colleges
  • Advanced search
  • Recent comments
  • Most popular
  • Libraries

Log in to your account

Log in with GOOGLE


If you do not have an external account, but do have a local account, you can still log in:

  1. Home
  2. MARC view: Music /
Normal view MARC view ISBD view

Music / (Record no. 9171)

[ view plain ]
MARC details
000 -LEADER
fixed length control field 00571nam a22002057a 4500
003 - CONTROL NUMBER IDENTIFIER
control field SISC
005 - DATE AND TIME OF LATEST TRANSACTION
control field 20160321133131.0
008 - FIXED-LENGTH DATA ELEMENTS--GENERAL INFORMATION
fixed length control field 130823t xxu||||| |||| 00| 0 eng d
020 ## - INTERNATIONAL STANDARD BOOK NUMBER
International Standard Book Number 0382057147
050 ## - LIBRARY OF CONGRESS CALL NUMBER
Classification number M 1994
Item number .R363 1979
082 ## - DEWEY DECIMAL CLASSIFICATION NUMBER
Classification number HS 780
Item number Re27 1979
100 ## - MAIN ENTRY--PERSONAL NAME
Personal name Reimer, Benneth
9 (RLIN) 12663
245 ## - TITLE STATEMENT
Title Music /
Statement of responsibility, etc Benneth Reimer, Mary Hofman, Albert McNeil.
260 ## - PUBLICATION, DISTRIBUTION, ETC. (IMPRINT)
Place of publication, distribution, etc New Jersey :
Name of publisher, distributor, etc Silver Burnett Company,
Date of publication, distribution, etc 1979.
300 ## - PHYSICAL DESCRIPTION
Extent 300 p. ;
Dimensions 26 cm.
650 ## - SUBJECT ADDED ENTRY--TOPICAL TERM
Topical term or geographic name as entry element Music
9 (RLIN) 1429
810 ## - SERIES ADDED ENTRY--CORPORATE NAME
Corporate name or jurisdiction name as entry element Silver Burdett Company
9 (RLIN) 12664
942 ## - ADDED ENTRY ELEMENTS (KOHA)
Source of classification or shelving scheme Library of Congress Classification
Koha item type Books
Holdings
Withdrawn status Lost status Source of classification or shelving scheme Damaged status Home library Current library Shelving location Date acquired Total Checkouts Full call number Barcode Date last seen Date checked out Copy number Price effective from Koha item type
    Library of Congress Classification   Luxembourg Library Luxembourg Library High School Section 08/23/2013 2 M 1994 .R363 1979 1026 12/02/2019 11/13/2019 1 08/23/2013 Books

Music /

APA

Reimer B., . (1979). Music. New Jersey: Silver Burnett Company.

Chicago

Reimer Benneth, . 1979. Music. New Jersey: Silver Burnett Company.

Harvard

Reimer B., . (1979). Music. New Jersey: Silver Burnett Company.

MLA

Reimer Benneth, . Music. New Jersey: Silver Burnett Company. 1979.

  • Place hold
  • Print
  • Cite
  • Add to your cart (remove)
  • Save record
    BIBTEX Dublin Core MARCXML MARC (non-Unicode/MARC-8) MARC (Unicode/UTF-8) MARC (Unicode/UTF-8, Standard) MODS (XML) RIS
  • More searches
    Search for this title in:
    Other Libraries (WorldCat) Other Databases (Google Scholar) Online Stores (Bookfinder.com) Open Library (openlibrary.org)

Exporting to Dublin Core...

SOUTHVILLE LIBRARY

Southville International School and Colleges Library

1281 Tropical Ave. Cor. Luxembourg St., BF Homes International, Las Pinas City

Tel. No. 8256374 / 252358 Loc. 117/146

Powered by Koha